00793 2200277 4500001002100000005001700021008004100038020002200079035002500101040001200126082001000138084001800148100002400166245011500190250001000305260003000315300004000345650001200385700001700397700001900414700001600433850001200449990001800461990001800479990001800497INLIS00000000001797720160229134422.0  a978-602-242-355-3 a0010-021600000001065 aYOPDYOG a398.2 aK 398.2 Aly S aALYSSA NAJWA SORAYA aSuster misteriusc/ Alyssa Najwa Soraya ; ilustrasi, Nonoy Nurman ; penyunting, Dadan Ramadhan dan Ridha Anwar aCat.2 aBandungbDAR! Mizanc2015 a123 hlm.b: ilus.c; 21 cm [3 eks.] aDongeng aNonoy Nurman aDadan Ramadhan aRidha Anwar aYOPDYOG a27665-PD/B.15 a27666-PD/B.15 a27667-PD/B.15